000 00960nam a2200313 a 4500
001 000021280
003 DO-SdBNP
005 20260602114607.0
007 ta
008 100903s1975 dr 000 0 spa d
040 _aDO-SdBNP
_bspa
_cBNPHU
_erda
041 _hspa
082 _aRD863.44
_bV443d
_222
100 1 _aVeloz Maggiolo, Marcio,
_d1936-2021
_eautor
_91104
245 1 0 _aDe abril en adelante :
_bprotonovela /
_cMarcio Veloz Maggiolo.
250 _aPrimera Edición
264 _aSanto Domingo :
_bTaller,
_c1975
300 _a278 páginas :
_b20 cm
336 _ardacontent
_btexto
_2txt
337 _ardamedia
_bsin mediación
_2n
338 _aredacarrier
_bvolumen
_2nc
490 1 _aBiblioteca Taller
_v53
590 _aInventariado, 2020 / DG
650 7 _2Armarc
_aNovela Dominicana
_9223
650 7 _2Armarc
_aLiteratura Dominicana
830 0 _aBiblioteca Taller
_n53
_944464
910 _aInventariado, 2020 / DG
942 _2ddc
_cLFPD
999 _c20780
_d20780